Personálny lízing – dočasné pridelenie zamestnanca

Výhody personálneho lízingu. Dočasné pridelenie zamestnanca. Právne vzťahy medzi zamestnávateľom a zamestnancom dočasne vyslaným na výkon práce k inému zamestnávateľovi. Agentúra dočasného zamestnávania.

Gespeichert in:
Bibliographische Detailangaben
1. Verfasser: Hrášková, Dagmar
Format: Buchkapitel
Sprache:Slowakisch
Schlagworte:
Tags: Tag hinzufügen
Keine Tags, Fügen Sie das erste Tag hinzu!

MARC

LEADER 00000naa a2200000 4500
001 0135240
005 20231103072728.9
041 0 |a slo 
044 |a SK 
245 1 0 |a Personálny lízing – dočasné pridelenie zamestnanca  |c Dagmar Hrášková 
520 |a Výhody personálneho lízingu. Dočasné pridelenie zamestnanca. Právne vzťahy medzi zamestnávateľom a zamestnancom dočasne vyslaným na výkon práce k inému zamestnávateľovi. Agentúra dočasného zamestnávania. 
610 2 0 |a lízing personálny 
610 2 0 |a práca 
610 2 0 |a zamestnanci 
610 2 0 |a zamestnávatelia 
610 2 0 |a dohody pracovné 
610 2 0 |a zákonník práce 
610 2 0 |a vzťahy pracovnoprávne 
610 2 0 |a agentúry 
100 1 |a Hrášková, Dagmar